[Event "Madrid-chT 1516"]
[Site "Madrid"]
[Date "2016.01.10"]
[Round "5.36"]
[White "Cao Armillas, Jesus"]
[Black "Menendez Hernandez, Jose Daniel"]
[Result "1-0"]
[WhiteElo "2087"]
[BlackElo "1924"]
[PlyCount "49"]
[EventDate "2015.11.22"]
[EventType "team-tourn"]
[EventRounds "14"]
[EventCountry "ESP"]
[SourceTitle "EXT 2017"]
[Source "ChessBase"]
[SourceDate "2016.10.25"]
[SourceVersion "1"]
[SourceVersionDate "2016.10.25"]
[SourceQuality "1"]
[WhiteTeam "Collado Villalba"]
[BlackTeam "Vallecas CDV"]
[WhiteTeamCountry "ESP"]
[BlackTeamCountry "ESP"]

1. d4 Nf6 2. c4 g6 3. Nc3 Bg7 4. g3 0-0 5. Bg2 d6 6. Nf3 c5 7. d5 Nbd7 8. 0-0 Ng4 9. Qc2 Rb8 10. h3 Nge5 11. Nd2 f5 12. f4 Nf7 13. b3 a6 14. Bb2 b5 15. Rae1 bxc4 16. Nxc4 Nb6 17. Na5 Bd7 18. Kh2 Qc7 19. e4 c4 20. b4 e6 21. exf5 exf5 22. Nc6 Bxc6 23. dxc6 Bxc3 24. Qxc3 Ne5 25. fxe5 1-0

[Event "Madrid-ch U16"]
[Site "Madrid"]
[Date "2015.04.25"]
[Round "4"]
[White "Menendez Hernandez, Jose Daniel"]
[Black "Bento Iglesias, Pablo"]
[Result "1-0"]
[WhiteElo "1768"]
[BlackElo "1803"]
[PlyCount "93"]
[EventDate "2015.04.18"]
[EventType "tourn"]
[EventRounds "7"]
[EventCountry "ESP"]
[SourceTitle "EXT 2018"]
[Source "ChessBase"]
[SourceDate "2017.10.13"]
[SourceVersion "1"]
[SourceVersionDate "2017.10.13"]
[SourceQuality "1"]

1. e4 e6 2. d4 d5 3. Nd2 dxe4 4. Nxe4 Nd7 5. Nf3 Ngf6 6. Ng3 c5 7. Be3 Nd5 8. c3 Nxe3 9. fxe3 cxd4 10. exd4 Bd6 11. Bd3 Qc7 12. Ne4 h6 13. Nxd6+ Qxd6 14. Qe2 Nf6 15. 0-0 Bd7 16. Ne5 a6 17. Rf3 Bc6 18. Rg3 Rg8 19. Rf1 Ke7 20. Bh7 Bb5 21. Qf3 Bxf1 22. Qxb7+ Nd7 23. Bxg8 Rxg8 24. Kxf1 g5 25. Nxd7 Qxd7 26. Qxa6 f5 27. Rh3 Rg6 28. Qa3+ Kf7 29. Qc5 f4 30. Qe5 g4 31. Rd3 Rg5 32. Qe4 Rf5 33. Kg1 h5 34. d5 exd5 35. Qe2 Qa7+ 36. Rd4 Qxa2 37. Qc2 Kf6 38. Ra4 Qxa4 39. Qxa4 Kg5 40. Qd4 g3 41. Qg7+ Kh4 42. Qe7+ Rg5 43. h3 d4 44. cxd4 f3 45. Qe4+ Rg4 46. hxg4 f2+ 47. Kf1 1-0

[Event "Madrid-ch U16"]
[Site "Madrid"]
[Date "2015.04.18"]
[Round "1"]
[White "Rottenwohrer Suarez, Juan"]
[Black "Menendez Hernandez, Jose Daniel"]
[Result "0-1"]
[WhiteElo "2015"]
[BlackElo "1768"]
[PlyCount "47"]
[EventDate "2015.04.18"]
[EventType "tourn"]
[EventRounds "7"]
[EventCountry "ESP"]
[SourceTitle "EXT 2018"]
[Source "ChessBase"]
[SourceDate "2017.10.13"]
[SourceVersion "1"]
[SourceVersionDate "2017.10.13"]
[SourceQuality "1"]

1. d4 d5 2. c4 c6 3. Nf3 Nf6 4. Nc3 Nbd7 5. Bg5 e6 6. e3 Be7 7. Bd3 0-0 8. 0-0 b6 9. e4 dxe4 10. Bxf6 exd3 11. Bxe7 Qxe7 12. Qxd3 Ba6 13. b3 Rad8 14. Qe3 Rfe8 15. Rfe1 Nf6 16. Rad1 Bb7 17. h3 Qf8 18. Ne5 Rd6 19. b4 Red8 20. g4 h6 21. f4 c5 22. dxc5 Rxd1 23. Rxd1 Rxd1+ 24. Nxd1 0-1

[Event "San Sebastian de los Reyes op 15th"]
[Site "San Sebastian"]
[Date "2013.12.07"]
[Round "8"]
[White "Guillo Longares, Cecilia"]
[Black "Menendez Hernandez, Jose Daniel"]
[Result "1/2-1/2"]
[WhiteElo "1398"]
[BlackElo "1705"]
[PlyCount "118"]
[EventDate "2013.11.30"]
[EventType "swiss"]
[EventRounds "9"]
[EventCountry "ESP"]
[SourceTitle "CBM 157 Extra"]
[Source "ChessBase"]
[SourceDate "2013.12.19"]
[SourceVersion "1"]
[SourceVersionDate "2013.12.19"]
[SourceQuality "1"]

1. c4 c5 2. Nc3 Nc6 3. g3 g6 4. Bg2 Bg7 5. Nf3 d6 6. 0-0 e5 7. d3 Nge7 8. Bd2 0-0 9. Rb1 Bd7 10. a3 a5 11. Nb5 d5 12. cxd5 Nxd5 13. Nd6 Qc7 14. Nc4 Nde7 15. Qe1 Nd4 16. Nxd4 exd4 17. Bf4 Qd8 18. Bxb7 Ra7 19. Bg2 Bc6 20. Bxc6 Nxc6 21. Bd6 Re8 22. Bxc5 Rd7 23. Qd2 Rd5 24. b4 Rh5 25. h4 Bh6 26. e3 Qd7 27. Qd1 Qh3 28. Qf3 Rxh4 29. Qg2 Qxg2+ 30. Kxg2 Rh5 31. Bxd4 Nxd4 32. exd4 axb4 33. axb4 Rb8 34. Rh1 Rxh1 35. Kxh1 Bg7 36. d5 Kf8 37. Kg2 Ke8 38. Kf3 Bd4 39. Ne3 Kd7 40. Ke4 Bc3 41. b5 f5+ 42. Kf4 Kd6 43. Kg5 Bd2 44. Kh6 Rb7 45. Kg5 Bxe3+ 46. fxe3 Kxd5 47. Kf4 h6 48. g4 fxg4 49. Kxg4 Kc5 50. Rc1+ Kxb5 51. Rb1+ Kc6 52. Rxb7 Kxb7 53. e4 Kc6 54. d4 h5+ 55. Kg5 Kd7 56. d5 Kd6 57. Kh4 Ke5 58. Kg5 Kd6 59. Kh4 Ke5 1/2-1/2

[Event "San Sebastian de los Reyes op 15th"]
[Site "San Sebastian"]
[Date "2013.12.06"]
[Round "7"]
[White "Menendez Hernandez, Jose Daniel"]
[Black "Martin Rodriguez, Jose Luis"]
[Result "1-0"]
[WhiteElo "1705"]
[BlackElo "1443"]
[PlyCount "53"]
[EventDate "2013.11.30"]
[EventType "swiss"]
[EventRounds "9"]
[EventCountry "ESP"]
[SourceTitle "CBM 157 Extra"]
[Source "ChessBase"]
[SourceDate "2013.12.19"]
[SourceVersion "1"]
[SourceVersionDate "2013.12.19"]
[SourceQuality "1"]

1. e4 e6 2. d4 d5 3. Nd2 c5 4. c3 c4 5. e5 Nc6 6. f4 Nge7 7. Ndf3 Nf5 8. g3 h6 9. Ne2 b5 10. Bg2 b4 11. 0-0 bxc3 12. bxc3 Rb8 13. g4 Nh4 14. Nxh4 Qxh4 15. Ng3 Qd8 16. f5 f6 17. exf6 gxf6 18. fxe6 Bxe6 19. Qe2 Kd7 20. Nh5 Be7 21. Nf4 Qg8 22. Nxe6 Qxe6 23. Qxe6+ Kxe6 24. Re1+ Kd7 25. Bxd5 Nd8 26. Bxc4 Rc8 27. Bb5+ 1-0